| 000 | 00650nam a2200217 a 4500 | ||
|---|---|---|---|
| 005 | 20251203064012.0 | ||
| 008 | 190212s2018 mx r 000 0 spa d | ||
| 020 | _a9786079736668 | ||
| 035 | _aUPN01000229021 | ||
| 049 | _aCG | ||
| 050 | 4 |
_aZ1003 _bA7.7 2018 |
|
| 100 | 1 |
_aArgüelles, Juan Domingo, _d1958- _931417 |
|
| 245 | 1 | 0 |
_aPor una universidad lectora : _by otras lecturas sobre la lectura en la escuela / _cJuan Domingo Argüelles. |
| 250 | _a3a ed. | ||
| 260 |
_aCiudad de México : _bLaberinto, _c2018. |
||
| 300 | _a230 p. | ||
| 440 | 0 | _aEnsayistas | |
| 650 | 4 |
_aIntereses en la lectura _94851 |
|
| 905 | _aLibro | ||
| 999 |
_c201116 _d201116 |
||